| 000 | 00534nam a22001577a 4500 | ||
|---|---|---|---|
| 003 | macl | ||
| 005 | 20190526132410.0 | ||
| 008 | 190526b xxu||||| |||| 00| 0 eng d | ||
| 040 | _cmacl | ||
| 082 | _a100 | ||
| 100 |
_aशास्त्री, डाॅ रामचंद वर्मा _974985 |
||
| 245 | _aपातज्जल याेगदर्शन | ||
| 260 |
_aदिल्ली _bकिरण प्रकाशन _c2014 |
||
| 650 |
_aदर्शनशास्त्र _947739 |
||
| 942 |
_2ddc _cHIN |
||
| 999 |
_c59863 _d59863 |
||